Madilyn Mei (Elio) - My Only Sense of Purpose Lyrics - Statistics

General Stats
  • This quiz has been taken 16 times
  • The average score is 405 of 463
Answer Stats
Lyrics % Correct
A
100%
a
100%
and
100%
be
100%
behind
100%
bright
100%
Bright
100%
brightest
100%
but
100%
But
100%
can’t
100%
change
100%
character
100%
Character
100%
circus
100%
continue
100%
day
100%
do
100%
ever
100%
fate
100%
flame
100%
Flame
100%
For
100%
for
100%
go
100%
her
100%
horror
100%
I
100%
i
100%
i’m
100%
it
100%
it’s
100%
know
100%
left
100%
make
100%
man
100%
me
100%
my
100%
name
100%
No
100%
no
100%
not
100%
Not
100%
of
100%
on
100%
one
100%
only
100%
our
100%
sense
100%
so
100%
Take
100%
take
100%
the
100%
this
100%
to
100%
utter
100%
way
100%
what
100%
who
100%
You
100%
you
100%
your
100%
better
92%
bills
92%
brain’s
92%
burn
92%
Burn
92%
don’t
92%
dont
92%
faces
92%
flames
92%
forward
92%
generate
92%
Generate
92%
gonna
92%
Gonna
92%
guess
92%
has
92%
Hate
92%
kill
92%
late
92%
let
92%
out
92%
pay
92%
play
92%
plenty
92%
pure
92%
purpose
92%
replace
92%
say
92%
see
92%
stage
92%
than
92%
that’s
92%
things
92%
til
92%
Time
92%
time
92%
up
92%
was
92%
waste
92%
Waste
92%
which
92%
whole
92%
you’re
92%
You’re
92%
About
85%
AI
85%
bout
85%
just
85%
little
85%
now
85%
Now
85%
replicate
85%
they
85%
until
85%
write
85%
contemplate
77%
lately
77%
myself
77%
too
77%
Wanna
77%
bout
69%
chose
69%
Madilyn
69%
maybe
69%
Mei!
69%
realising
69%
reigns
69%
should
69%
they’re
62%
Woah
62%
could
54%
lonlier
54%
songs
54%
thousand
46%
all
38%
dust
38%
eating
38%
Gotta
38%
own
38%
am
31%
Am
31%
get
31%
or
31%
trust
31%
burning
23%
Burning
23%
did
23%
down
23%
fun
23%
i’ve
23%
keep
23%
Slowing
23%
starting
23%
why
23%
begun
15%
close
15%
done
15%
fly
15%
mind
15%
Stay
15%
sun
15%
as
8%
half
8%
long
8%
lose
8%
stop
8%
No matching quizzes found
Score Distribution
Percent of People with Each Score
Percentile by Number Answered
Your Score History
You have not taken this quiz